Psicología matrimonial: psicobiología y sexo ajuste y compenetración

Uloženo v:
Podrobná bibliografie
Hlavní autor: Hutchin, K. C (Autor)
Médium: Kniha
Jazyk:španělština
Vydáno: Madrid Morata 1962
Témata:
Tagy: Přidat tag
Žádné tagy, Buďte první, kdo vytvoří štítek k tomuto záznamu!

MARC

LEADER 00000nam a2200000 a 4500
001 UCY6040
003 CL-VaPUC
008 950521e19620000SP |||||||||||||||||spa|d
082 0 4 |a 306.8  |b HUT  |2 21 
100 0 |a Hutchin, K. C  |e author  |9 335589 
245 1 0 |a Psicología matrimonial: psicobiología y sexo ajuste y compenetración 
300 |a 2 v 
942 |c BK 
945 |d 19950521 00:00:00  |a mfernand 
260 |a Madrid  |b Morata  |c 1962 
650 7 |a MATRIMONIO  |2 CL-VaPUC  |9 335590 
650 0 |a Comportamiento sexual  |9 334955 
650 0 |a Sexo  |9 257818 
650 0 |a Psicología   |9 257863 
650 0 |a Relaciones interpersonales  |9 307056 
650 0 |a Educación sexual  |9 308005 
650 0 |a Familias   |9 255641 
650 7 |a FISIOLOGIA  |2 CL-VaPUC  |9 335591 
583 |a last modification  |c 19950521 00:00:00  |k Rodrigo Vera 
999 |c 233624  |d 233622 
952 |0 0  |1 0  |4 0  |6 306_800000000000000_HUT_1962  |7 0  |8 P  |9 239258  |a BIBEDU  |b BIBEDU  |c BIBEDU_PB  |d 2019-11-18  |h v.1  |i 1505335  |o 306.8 HUT 1962  |p 1505335  |r 2024-01-25  |w 2019-11-18  |y BK  |k EDU 
952 |0 0  |1 0  |4 0  |6 306_800000000000000_HUT_1962  |7 0  |8 P  |9 239259  |a BIBEDU  |b BIBEDU  |c BIBEDU_PB  |d 2019-11-18  |h v.2  |i 1505343  |o 306.8 HUT 1962  |p 1505343  |r 2024-01-25  |w 2019-11-18  |y BK  |k EDU